Регионална библиотека "Любен Каравелов" - Русе

Григор Пърличев (Запис номер 123780)

MARC детайли
000 -Лидер
Контролно поле с фиксирана дължина 03040nam a2200493 a 4500
003 - Код на организацията, давaща контролен номер
Контролно поле BLK
005 - Дата и час на последна редакция
Контролно поле 20240313005505.0
008 - Елементи от данни с фиксирана дължина
fixed length control field 180409b bul|||||r ||||||| ||bul||
010 ## - Наследен системен номер
LC control number KNG00129443000
040 ## - Източник на каталожния запис
Идентификатор на билиотеката - собственик на записа BLK
041 ## - Код за език
Код за езика на текст/звукозапис или на отделно заглавие Български
Код за езика КДБФ Български
072 #7 - Код за тематичната категория
Код организация bullib
Код за тематична категория А
Текст Фонд Михаил Арнаудов
080 ## - УДК
Текстов определител УДК Българска литература
УДК код - определител по УДК 821.163.2
УДК определител (092)
УДК - код + определител 821.163.2(092)
080 ## - УДК
Текстов определител УДК Период на кризата на феодализма, зараждане на капиталистически отношения. Възраждане на българския народ (II пол. на ХVIII в. - 1878 г.)
УДК код - определител по УДК 94(497.2)"1750/1878"
УДК определител (092)
УДК - код + определител 94(497.2)"1750/1878"(092)
080 ## - УДК
Текстов определител УДК Българска литература
УДК код - определител по УДК 821.163.2
УДК определител -32
УДК - код + определител 821.163.2-32
080 ## - УДК
Текстов определител УДК Български възрожденец, писател и преводач
УДК код - определител по УДК 929 Пърличев, Григор Ставрев
УДК - код + определител 929 Пърличев, Григор Ставрев
100 1# - Редна дума - Автор
Автор Арнаудов, Михаил Петров
R(LIN) 33558
139 ## - Редно поле
Редна дума Арнаудов, Михаил Петров
Авторски знак Пър - П 97
245 10 - Сведения за заглавието
Заглавие Григор Пърличев
Подзаглавни данни Характеристика и бел. за живота и творчеството му
Редно поле (дума) Михаил Петров Арнаудов
257 ## - Страна на издаване
Страна на създаване/издаване България
260 ## - Област на издателските данни
Име на издателя, разпространителя и проч. ОФ
Година на издаване 1968
Място на издаване, разпространение и проч. София
300 ## - Физическа характеристика
Страници 247 с.
Илюстрации и др. 14 л. ил.
Размери/Мащаб 22 см
380 ## - Жанр
Жанр Литературознание
490 ## - СЕРИИ (Колекции)
Име на серия Библиотека Бележити българи
№: серия 5
9 (RLIN) 204456
500 ## - Общи забележки
Забележка 8 254 тир. - Съдържа и Автобиография / Гр. Пърличев. - Сердарят / Гр. Пърличев. - Мечта на един старец / Гр. Пърличев. - Илиада / Омир . - Прев. на първа и втора песен Гр. Пърличев. - Фонд Михаил Арнаудов - Датиране на кн. І екз. Архангеловден, 21. ноември 1968 ; Бележка: 18. І. 1830 - 25. І. 93 ; На 25. І. 1969 - 75 год. от смъртта му ; За Гр. Пърличев - в. Лит. фронт, Год. ХХVІ, 27.V.1971. - Твърда подв.
600 14 - Име на лице, използвано като предмет
За него / За нея Пърличев, Григор Ставрев
9 (RLIN) 371841
650 #4 - Допълнително описание по предмет – тема
Основно описание – тема или топоним Пърличев, Григор Ставрев
9 (RLIN) 371841
650 #4 - Допълнително описание по предмет – тема
Основно описание – тема или топоним Поети, български, възрожденски - език и стил
9 (RLIN) 252915
651 #4 - Допълнително описание по предмет - топоним
Географско понятие България
9 (RLIN) 241624
653 ## - Ключова дума – ненормативна
Ключова дума Григор Пърличев
653 ## - Ключова дума – ненормативна
Ключова дума възрожденска литература
653 ## - Ключова дума – ненормативна
Ключова дума български поети
653 ## - Ключова дума – ненормативна
Ключова дума творчество
659 ## - Тематичен бюлетин
Тематичен бюлетин А
852 ## - Местоположение
Форматна сигнатура Цб 45788
Фондова буква Хранилище
852 ## - Местоположение
Форматна сигнатура МА 21
Фондова буква Фонд "Михаил Арнаудов"
856 4# - Електронен адрес и достъп
Електронен формат pdf - файл
856 4# - Електронен адрес и достъп
Електронен формат pdf - файл
999 ## - СИСТЕМНИ КОНТРОЛНИ НОМЕРА
Koha biblionumber 123780
Koha biblioitemnumber 123780
942 ## - АРТИКУЛИ
Вид на библиотечния материал Книги
Скрит в OPAC Не
Периодичен библиозапис Да
944 ## - СЪЗДАВАНЕ И РЕДАКЦИЯ на ЗАПИСА
Създаване/Редакция Създаване
Дата на регистрацията/редакция 30.03.2012
Статус, дата на статуса CRON CRON
Служител, извършил регистрацията/редакцията
944 ## - СЪЗДАВАНЕ И РЕДАКЦИЯ на ЗАПИСА
Създаване/Редакция Редакция
Дата на регистрацията/редакция 20.10.2016
Статус, дата на статуса 30.03.2012 - от С1,Р / 30.03.2012
Служител, извършил регистрацията/редакцията Геновева_Генчева
999 ## - СИСТЕМНИ КОНТРОЛНИ НОМЕРА
Koha biblioitemnumber 123780
999 ## - СИСТЕМНИ КОНТРОЛНИ НОМЕРА
Koha biblioitemnumber 123780
Наличности
Код за отписване Код за изгубен артикул Източник на класификационната схема Код за повреда Коз за рестрикции Код за отдаване Артикулен № Име на библиотеката - собственик Име на библиотеката, в която се намира в момента Статус (Текущо местоположение) Дата на вписване в системата Местоположение - отдел Цена в лева Инвентарен номер Систематично азбучна сигнатура Баркод Номер на екземпляра Цена в евро Служебна бележка Служебен тип на артикула
  Не е изгубен Universal Decimal Classification Не е повреден само за читалня ползва се в читалня 200535 Регионална библиотека "Любен Каравелов" Русе Регионална библиотека "Любен Каравелов" Русе Хранилище 1968-01-01 Хранилище 1.60 17495/68 Цб 45788 900000101660 1 0.82 Дост: Dp Вид: Д N: стар фонд Дата: 01.01.1968 Книги
Изтеглен Не е изгубен Universal Decimal Classification Не е повреден без рестрикции заемане за дома 200536 Регионална библиотека "Любен Каравелов" Русе Регионална библиотека "Любен Каравелов" Русе Заемна - подръчен фонд 1968-01-01 Заемна - подръчен фонд 0.00 18001 П 886.7(092)/П 97 18001 2 0.00 Дост: Pk Вид: Ф N: стар фонд Дата: 01.01.1968 Книги
Изтеглен Не е изгубен Universal Decimal Classification Не е повреден без рестрикции заемане за дома 200537 Регионална библиотека "Любен Каравелов" Русе Регионална библиотека "Любен Каравелов" Русе Заемна - подръчен фонд 1968-01-01 Заемна - подръчен фонд 0.00 18003 П 886.7(092)/П 97 18003 3 0.00 Дост: Pk Вид: Ф N: стар фонд Дата: 01.01.1968 Книги
  Не е изгубен Universal Decimal Classification Не е повреден само за читалня Специални фондове ( старопечатни, редки и ценни, фонд М. Арнаудов) 200538 Регионална библиотека "Любен Каравелов" Русе Регионална библиотека "Любен Каравелов" Русе Фонд "Михаил Арнаудов" 1973-01-01 Фонд "Михаил Арнаудов" 1.60 319843 МА 21 120000319843 4 0.82 Дост: DA Вид: А N: стар фонд Дата: 01.01.1973 Книги
  Не е изгубен Universal Decimal Classification Не е повреден само за читалня Специални фондове ( старопечатни, редки и ценни, фонд М. Арнаудов) 688105 Регионална библиотека "Любен Каравелов" Русе Регионална библиотека "Любен Каравелов" Русе Фонд "Михаил Арнаудов" 2019-01-16 Фонд "Михаил Арнаудов" 1.60   МА 21 120000820135   0.82   Книги
Vip Innovations Ltd, Rousse, Bulgaria 2025